Development planning in India / (Record no. 147786)

MARC details
000 -LEADER
fixed length control field 00569nam a22001937a 4500
005 - DATE AND TIME OF LATEST TRANSACTION
control field 20171128150805.0
010 ## - LCCN (DPL NO)
LC control number ENG-121632
020 ## - INTERNATIONAL STANDARD BOOK NUMBER
International Standard Book Number 9789381234099
Terms of availability 495.00
035 ## - SYSTEM CONTROL NUMBER
System control number EN-105164
037 ## - SOURCE OF ACQUISITION
Source of stock number/acquisition DBAD/PUB
082 ## - DEWEY DECIMAL CLASSIFICATION NUMBER
Classification number 954.083
100 ## - MAIN ENTRY--PERSONAL NAME
Personal name Arif Saeed
245 ## - TITLE STATEMENT
Title Development planning in India /
Statement of responsibility, etc by Arif Saeed
260 ## - PUBLICATION, DISTRIBUTION, ETC. (IMPRINT)
Place of publication, distribution, etc Delhi
Name of publisher, distributor, etc Ankit Publications
Date of publication, distribution, etc 2013
270 ## - ADDRESS
Address R-69, 3rd floor,Model Town-III
City Delhi
Postal code 110009
300 ## - PHYSICAL DESCRIPTION
Extent 167p.
Dimensions 22cm(Hb)
500 ## - GENERAL NOTE
General note Includes bibliographical references
942 ## - ADDED ENTRY ELEMENTS (KOHA)
Source of classification or shelving scheme Dewey Decimal Classification
Item type English Books
Call number suffix ARI
Classification part 338.954
Holdings
Withdrawn status Lost status Not for loan Collection code Home library Current library Date acquired Source of acquisition Cost, normal purchase price Full call number Barcode Copy number Cost, replacement price Koha item type
    Not For Loan Non-fiction D.B.Act.Division Bawana 27/11/2017 DBAD/PUB 495.00 338.954 ARI EN-105164 1 495.00 English Books

© Delhi Public Library
Hit Counter
free hit counter